| 000 | 00382nam a2200169Ia 4500 | ||
|---|---|---|---|
| 001 | 3826 | ||
| 005 | 20260306145712.0 | ||
| 008 | 260306t9999||||xx |||||||||||||| ||spa|| | ||
| 041 | _aESP | ||
| 082 |
_a303.485 _bK96 |
||
| 100 |
_aKuroiwa Horiuchi, Julio _eAUT |
||
| 245 | 0 | _aReducción de desastres | |
| 300 |
_a _c |
||
| 650 | _aGEN | ||
| 654 | _aCHU | ||
| 942 |
_cLIB _dJUS _fJUS _2ddc _n |
||
| 999 |
_c3826 _d3826 |
||